مكتبة جامعة عجلون الوطنية

فهرس بحث المكتبة

الدور القانوني للاتفاقيات الدولية في مكافحة الجرائم الدولية = The Legal Role of International Conventions in combating international Crimes / (Record no. 33287)

MARC details
000 -LEADER
fixed length control field 01167nam a22002177a 4500
003 - CONTROL NUMBER IDENTIFIER
control field JO-AjAnu
005 - DATE AND TIME OF LATEST TRANSACTION
control field 20240629084443.0
008 - FIXED-LENGTH DATA ELEMENTS--GENERAL INFORMATION
fixed length control field 231211b jo ||||| |||| 00| 0 ara d
040 ## - CATALOGING SOURCE
Original cataloging agency JO-AjAnu
Language of cataloging ara
Transcribing agency JO-AjAnu
Modifying agency JO-AjAnu
Description conventions rda
041 #0 - LANGUAGE CODE
Language code of text/sound track or separate title ara
Language code of original ara
050 ## - LIBRARY OF CONGRESS CALL NUMBER
Classification number KZ7000
Item number 2023
100 #1 - MAIN ENTRY--PERSONAL NAME
Personal name اخميس، كوثر محمود ابراهيم
9 (RLIN) 64953
Relator term معد
245 #0 - TITLE STATEMENT
Title الدور القانوني للاتفاقيات الدولية في مكافحة الجرائم الدولية = The Legal Role of International Conventions in combating international Crimes /
Statement of responsibility, etc. اعداد كوثر محمود ابراهيم اخميس؛ اشراف طلال ياسين العيسى
260 ## - PUBLICATION, DISTRIBUTION, ETC.
Date of publication, distribution, etc. 2023
300 ## - PHYSICAL DESCRIPTION
Extent 144 ورقة
504 ## - BIBLIOGRAPHY, ETC. NOTE
Bibliography, etc. note تحتوي على مراجع باللغتين العربية والانجليزية
505 ## - FORMATTED CONTENTS NOTE
Formatted contents note رسالة جامعية (رسالة ماجستير) .- جامعة عجلون الوطنية (عجلون،الاردن)، كلية الحقوق، قسم القانون، 2023.
650 40 - SUBJECT ADDED ENTRY--TOPICAL TERM
Topical term or geographic name entry element القانون الدولي الجنائي.
9 (RLIN) 64955
700 #1 - ADDED ENTRY--PERSONAL NAME
Personal name العيسى، طلال ياسين.
9 (RLIN) 64956
Relator term مشرف
942 ## - ADDED ENTRY ELEMENTS (KOHA)
Source of classification or shelving scheme Library of Congress Classification
Koha item type Thesis
Suppress in OPAC No
Holdings
Withdrawn status Lost status Source of classification or shelving scheme Damaged status Not for loan Home library Current library Date acquired Total Checkouts Full call number Barcode Date last seen Price effective from Koha item type
    Library of Congress Classification     مكتبة جامعة عجلون الوطنية مكتبة جامعة عجلون الوطنية 29/06/2024   KZ7000 2023 A29689 11/12/2023 29/06/2024 Thesis
    Library of Congress Classification     مكتبة جامعة عجلون الوطنية مكتبة جامعة عجلون الوطنية 11/12/2023   KZ7000 2023 A29690 11/12/2023 11/12/2023 Thesis